[Event "Modra op"]
[Site "Modra"]
[Date "2023.02.21"]
[Round "3"]
[White "Soldan, Jan"]
[Black "Durik, Martin"]
[Result "1/2-1/2"]
[WhiteElo "1692"]
[BlackElo "1456"]
[PlyCount "112"]
[EventDate "2023.02.20"]
[EventType "swiss"]
[EventRounds "7"]
[EventCountry "SVK"]
[SourceTitle "EXT 2024"]
[Source "ChessBase"]
[SourceDate "2023.10.10"]
[SourceVersion "1"]
[SourceVersionDate "2023.10.10"]
[SourceQuality "1"]

1. e4 c6 2. Nf3 d5 3. exd5 cxd5 4. Ne5 Qa5 5. Qf3 Nf6 6. c3 Nc6 7. b4 Nxe5 8. bxa5 Nxf3+ 9. gxf3 a6 10. d4 Bf5 11. Nd2 e6 12. h4 Rc8 13. Bb2 Bd6 14. Nb3 0-0 15. Bh3 Bd3 16. Rd1 Bg6 17. Bg4 h5 18. Bh3 Rfe8 19. Kf1 Nd7 20. Kg1 Nb8 21. Bf1 Rc7 22. Bd3 f5 23. Kg2 Rec8 24. Rde1 Bf7 25. Re2 Nd7 26. Rhe1 Nf8 27. Rh1 Ng6 28. Rd2 Nf4+ 29. Kf1 Nxd3 30. Rxd3 Be8 31. Kg2 Bb5 32. Re3 Kf7 33. Rhe1 Re8 34. Ra1 Bf4 35. Ree1 Kf6 36. a4 Bc4 37. Nc1 Rg8 38. Ne2 Bxe2 39. Rxe2 g5 40. hxg5+ Rxg5+ 41. Kh1 Rcg7 42. Rae1 e5 43. dxe5+ Ke6 44. Bc1 Bxc1 45. Rxc1 f4 46. Rb1 Rxe5 47. Rb6+ Kf5 48. Rxe5+ Kxe5 49. Rh6 Rg5 50. Rh7 d4 51. cxd4+ Kxd4 52. Rxb7 Rxa5 53. Rb4+ Ke5 54. Kg2 Kf5 55. Kh3 Kg5 56. Rc4 Re5 1/2-1/2

[Event "SVK-chT2A 2223"]
[Site "Slovakia"]
[Date "2023.02.12"]
[Round "9.5"]
[White "Soldan, Jan"]
[Black "Manak, Jozef"]
[Result "0-1"]
[WhiteElo "1720"]
[BlackElo "1953"]
[PlyCount "72"]
[EventDate "2022.10.08"]
[EventType "team-tourn"]
[EventRounds "11"]
[EventCountry "SVK"]
[SourceTitle "EXT 2024"]
[Source "ChessBase"]
[SourceDate "2023.10.10"]
[SourceVersion "1"]
[SourceVersionDate "2023.10.10"]
[SourceQuality "1"]
[WhiteTeam "Modra II"]
[BlackTeam "Piestany Kupele"]
[WhiteTeamCountry "SVK"]
[BlackTeamCountry "SVK"]

1. e4 c5 2. Nf3 a6 3. Nc3 Nc6 4. d4 cxd4 5. Nxd4 e5 6. Nxc6 bxc6 7. Bc4 Nf6 8. 0-0 Be7 9. h3 0-0 10. Be3 Bb4 11. Qd3 Bxc3 12. bxc3 d5 13. exd5 cxd5 14. Bb3 h6 15. Rad1 Bb7 16. Bc1 a5 17. a3 Qc7 18. Rfe1 a4 19. Ba2 Ra5 20. Qg3 Re8 21. Bxh6 g6 22. Qh4 Qc6 23. Bg5 Nh7 24. Bd2 f5 25. Qg3 f4 26. Qd3 Kg7 27. Bc1 Nf6 28. f3 Rc5 29. Bb2 Qb6 30. Kh1 Ba6 31. c4 Qxb2 32. Rb1 Qxa2 33. Rb4 Rxc4 34. Reb1 Qxc2 35. Rb7+ Bxb7 36. Rxb7+ Kh6 0-1

[Event "SVK-chT2A 2223"]
[Site "Slovakia"]
[Date "2022.10.09"]
[Round "2.6"]
[White "Cambel, Vladimir"]
[Black "Soldan, Jan"]
[Result "1-0"]
[WhiteElo "1979"]
[BlackElo "1720"]
[PlyCount "47"]
[EventDate "2022.10.08"]
[EventType "team-tourn"]
[EventRounds "11"]
[EventCountry "SVK"]
[SourceTitle "CBM 210 Extra"]
[Source "ChessBase"]
[SourceDate "2022.11.30"]
[SourceVersion "1"]
[SourceVersionDate "2022.11.30"]
[SourceQuality "1"]
[WhiteTeam "Bratislava Slovan IV"]
[BlackTeam "Modra II"]
[WhiteTeamCountry "SVK"]
[BlackTeamCountry "SVK"]

1. d4 Nf6 2. Bf4 d6 3. Nc3 g6 4. e4 Bg7 5. Qd2 0-0 6. 0-0-0 Nbd7 7. e5 Nh5 8. Bh6 f5 9. Be2 Bxh6 10. Qxh6 Ng7 11. Nf3 Re8 12. Ng5 Nf8 13. f4 d5 14. h4 Nge6 15. Nxe6 Bxe6 16. h5 Bf7 17. hxg6 Bxg6 18. Bh5 Bxh5 19. Rxh5 e6 20. Rg5+ Qxg5 21. Qxg5+ Ng6 22. g4 Re7 23. gxf5 exf5 24. Nxd5 1-0

[Event "SVK-chT2A 2122"]
[Site "Slovakia"]
[Date "2022.03.06"]
[Round "6.6"]
[White "Soldan, Jan"]
[Black "Sadlon, Matus"]
[Result "1-0"]
[WhiteElo "1720"]
[BlackElo "1723"]
[PlyCount "59"]
[EventDate "2021.10.16"]
[EventType "team-tourn"]
[EventRounds "11"]
[EventCountry "SVK"]
[SourceTitle "EXT 2023"]
[Source "ChessBase"]
[SourceDate "2022.10.05"]
[SourceVersion "1"]
[SourceVersionDate "2022.10.05"]
[SourceQuality "1"]
[WhiteTeam "Modra II"]
[BlackTeam "Osuske II"]
[WhiteTeamCountry "SVK"]
[BlackTeamCountry "SVK"]

1. e4 e5 2. Nf3 Nc6 3. Bc4 Nf6 4. d3 Be7 5. h3 0-0 6. Be3 d5 7. exd5 Nxd5 8. 0-0 Nxe3 9. fxe3 Bf5 10. Nc3 Qd7 11. Bb5 Bf6 12. e4 Be6 13. Qd2 Rfd8 14. Ba4 a6 15. Bb3 Nd4 16. Nxd4 Qxd4+ 17. Kh1 Bxb3 18. axb3 c6 19. Ne2 Qxe4 20. Ra4 Qd5 21. Rxf6 e4 22. Rf4 exd3 23. Nc3 Qg5 24. cxd3 f5 25. Qe3 Re8 26. Qf2 g6 27. Ra1 Re7 28. Rf1 Rae8 29. Kh2 Re3 30. Ne4 1-0

[Event "SVK Club Cup"]
[Site "Kremnica"]
[Date "2021.09.19"]
[Round "7.2"]
[White "Soldan, Jan"]
[Black "Kraml, Maros"]
[Result "0-1"]
[WhiteElo "1742"]
[BlackElo "1917"]
[PlyCount "44"]
[EventDate "2021.09.15"]
[EventType "team-tourn"]
[EventRounds "7"]
[EventCountry "SVK"]
[SourceTitle "CBM 204 Extra"]
[Source "ChessBase"]
[SourceDate "2021.11.30"]
[SourceVersion "1"]
[SourceVersionDate "2021.11.30"]
[SourceQuality "1"]
[WhiteTeam "Modra III"]
[BlackTeam "Kremnica Postoj"]
[WhiteTeamCountry "SVK"]
[BlackTeamCountry "SVK"]

1. e4 e5 2. Nf3 Nc6 3. Bc4 Be7 4. 0-0 d6 5. d3 Nf6 6. h3 0-0 7. Be3 a6 8. c3 Na5 9. Bb3 Nxb3 10. Qxb3 b5 11. Qc2 c5 12. Nbd2 h6 13. b3 Be6 14. Nh2 d5 15. exd5 Nxd5 16. Ne4 Rc8 17. Qd2 f5 18. Ng3 f4 19. Nh5 fxe3 20. fxe3 Bg5 21. Rxf8+ Qxf8 22. Qe2 Nxc3 0-1

[Event "SVK Club Cup"]
[Site "Kremnica"]
[Date "2021.09.16"]
[Round "3.2"]
[White "Soldan, Jan"]
[Black "Nagy, Gabor"]
[Result "0-1"]
[WhiteElo "1742"]
[BlackElo "2520"]
[PlyCount "72"]
[EventDate "2021.09.15"]
[EventType "team-tourn"]
[EventRounds "7"]
[EventCountry "SVK"]
[SourceTitle "CBM 204 Extra"]
[Source "ChessBase"]
[SourceDate "2021.11.30"]
[SourceVersion "1"]
[SourceVersionDate "2021.11.30"]
[SourceQuality "1"]
[WhiteTeam "Modra III"]
[BlackTeam "Modra"]
[WhiteTeamCountry "SVK"]
[BlackTeamCountry "SVK"]

1. e4 c5 2. Nf3 d6 3. d4 cxd4 4. Nxd4 Nf6 5. Nc3 a6 6. Bg5 Nbd7 7. Qd2 e6 8. f3 h6 9. Be3 b5 10. a3 Bb7 11. Be2 Be7 12. g4 Nb6 13. 0-0-0 Nfd7 14. Nb3 Rc8 15. Kb1 Ne5 16. Qd4 Nbc4 17. Nd2 Nc6 18. Qxg7 Nxd2+ 19. Rxd2 Bf6 20. Bb6 Qe7 21. Qxh8+ Bxh8 22. Rhd1 Be5 23. Bxb5 axb5 24. Nxb5 Qf6 25. Nxd6+ Bxd6 26. Rxd6 Qxf3 27. Rd7 Ne5 28. Rd8+ Rxd8 29. Rxd8+ Ke7 30. Rd4 f6 31. Bd8+ Kf7 32. Bc7 Bxe4 33. Bxe5 fxe5 34. Rd7+ Ke8 35. Rd2 Bd5 36. Kc1 e4 0-1

[Event "Drienica Saris op"]
[Site "Drienica"]
[Date "2020.08.14"]
[Round "8"]
[White "Sedlakova, Ivana"]
[Black "Soldan, Jan"]
[Result "1-0"]
[WhiteElo "1983"]
[BlackElo "1783"]
[PlyCount "41"]
[EventDate "2020.08.07"]
[EventType "swiss"]
[EventRounds "9"]
[EventCountry "SVK"]
[SourceTitle "CBM 197 Extra"]
[Source "ChessBase"]
[SourceDate "2020.09.30"]
[SourceVersion "1"]
[SourceVersionDate "2020.09.30"]
[SourceQuality "1"]

1. d4 Nf6 2. c4 g6 3. Nc3 d5 4. cxd5 Nxd5 5. e4 Nxc3 6. bxc3 Bg7 7. Bc4 c5 8. Ne2 0-0 9. 0-0 Nc6 10. Be3 cxd4 11. cxd4 a6 12. Rc1 e6 13. d5 exd5 14. Bxd5 Ne7 15. Bc5 Re8 16. Bb3 Bd7 17. Nf4 Bc6 18. Bxf7+ Kxf7 19. Qb3+ Bd5 20. exd5 Nxd5 21. Nxd5 1-0

[Event "Drienica Saris op"]
[Site "Drienica"]
[Date "2020.08.12"]
[Round "6"]
[White "Kulich, Daniel"]
[Black "Soldan, Jan"]
[Result "1/2-1/2"]
[WhiteElo "1492"]
[BlackElo "1783"]
[PlyCount "68"]
[EventDate "2020.08.07"]
[EventType "swiss"]
[EventRounds "9"]
[EventCountry "SVK"]
[SourceTitle "CBM 197 Extra"]
[Source "ChessBase"]
[SourceDate "2020.09.30"]
[SourceVersion "1"]
[SourceVersionDate "2020.09.30"]
[SourceQuality "1"]

1. d4 Nf6 2. Bf4 g6 3. Nc3 a6 4. e4 d6 5. Qd2 Bg7 6. Bh6 0-0 7. Bxg7 Kxg7 8. f3 Nbd7 9. g4 e5 10. d5 b5 11. 0-0-0 Nb6 12. h4 h5 13. gxh5 Nxh5 14. Qe1 Bd7 15. Nce2 Rh8 16. Bh3 Nc4 17. Bxd7 Qxd7 18. Ng3 a5 19. N1e2 b4 20. Nxh5+ Rxh5 21. Ng3 Rh7 22. h5 Rah8 23. Qe2 Nb6 24. Rdg1 Kf8 25. hxg6 fxg6 26. Qf1 Qf7 27. Ne2 Rxh1 28. Rxh1 Rxh1 29. Qxh1 Kg7 30. Qg2 Qf8 31. Qh3 a4 32. b3 a3 33. Kd2 Qf6 34. Qg4 Qf7 1/2-1/2

[Event "Drienica Saris op"]
[Site "Drienica"]
[Date "2020.08.07"]
[Round "1"]
[White "Soldan, Jan"]
[Black "Kravec, Patrik"]
[Result "0-1"]
[WhiteElo "1783"]
[BlackElo "2119"]
[PlyCount "58"]
[EventDate "2020.08.07"]
[EventType "swiss"]
[EventRounds "9"]
[EventCountry "SVK"]
[SourceTitle "CBM 197 Extra"]
[Source "ChessBase"]
[SourceDate "2020.09.30"]
[SourceVersion "1"]
[SourceVersionDate "2020.09.30"]
[SourceQuality "1"]

1. e4 c5 2. Nf3 Nc6 3. d4 cxd4 4. Nxd4 Nf6 5. Nc3 d6 6. Be3 Bd7 7. Bd3 Ng4 8. 0-0 Nxe3 9. fxe3 Ne5 10. Nf3 Ng4 11. Qd2 e6 12. h3 Nf6 13. e5 dxe5 14. Nxe5 Bc6 15. Nxc6 bxc6 16. Rf3 Be7 17. Raf1 0-0 18. Qf2 Rb8 19. a3 Rxb2 20. Qh4 h6 21. Rg3 Kh8 22. Rxf6 Bxf6 23. Qe4 g6 24. Rxg6 fxg6 25. Qxg6 Qe7 26. Qxh6+ Kg8 27. Ne4 Qg7 28. Nxf6+ Rxf6 29. Bh7+ Kf8 0-1

[Event "SVK-chT2A 1920"]
[Site "Slovakia"]
[Date "2020.03.08"]
[Round "11.7"]
[White "Soldan, Jan"]
[Black "Gettler, Daniel"]
[Result "0-1"]
[WhiteElo "1781"]
[BlackElo "2041"]
[PlyCount "106"]
[EventDate "2019.10.26"]
[EventType "team-tourn"]
[EventRounds "11"]
[EventCountry "SVK"]
[SourceTitle "CBM 195 Extra"]
[Source "ChessBase"]
[SourceDate "2020.05.31"]
[SourceVersion "1"]
[SourceVersionDate "2020.05.31"]
[SourceQuality "1"]
[WhiteTeam "Modra II"]
[BlackTeam "Krasnany"]
[WhiteTeamCountry "SVK"]
[BlackTeamCountry "SVK"]

1. e4 c5 2. Nf3 e6 3. d4 a6 4. dxc5 Bxc5 5. Bd3 b5 6. 0-0 Bb7 7. Ne5 d6 8. Nf3 Nf6 9. Bg5 h6 10. Be3 Nxe4 11. Bxe4 Bxe4 12. Bxc5 dxc5 13. Qxd8+ Kxd8 14. Ne5 Ke7 15. Nd2 Bd5 16. b3 Rd8 17. Rad1 f6 18. Ng6+ Kf7 19. Nf4 Bb7 20. Nd3 Nd7 21. f4 Rac8 22. c4 Nb6 23. Nb2 Rd4 24. cxb5 axb5 25. Nb1 Rcd8 26. g3 b4 27. Rxd4 Rxd4 28. Rd1 e5 29. fxe5 Rxd1+ 30. Nxd1 fxe5 31. Nd2 Ke6 32. Ne3 Nd5 33. Nec4 Nc3 34. a4 bxa3 35. Nxa3 Kd5 36. Nc2 g5 37. Kf2 Ne4+ 38. Ke3 Nxd2 39. Kxd2 Ke4 40. Ne3 Bd5 41. Ng4 Bxb3 42. Nxh6 Be6 43. g4 Kf4 44. h3 e4 45. Ke2 c4 46. Kd2 e3+ 47. Ke2 Ke4 48. Nf5 Bxf5 49. gxf5 Kxf5 50. Kxe3 Ke5 51. Kd2 Kf4 52. Kc3 Kg3 53. Kxc4 Kxh3 0-1

[Event "SVK-chT2A 1920"]
[Site "Slovakia"]
[Date "2019.11.17"]
[Round "4.8"]
[White "Soldan, Jan"]
[Black "Harasta, Marian"]
[Result "1-0"]
[WhiteElo "1782"]
[BlackElo "1631"]
[PlyCount "91"]
[EventDate "2019.10.26"]
[EventType "team-tourn"]
[EventRounds "11"]
[EventCountry "SVK"]
[SourceTitle "CBM 193 Extra"]
[Source "ChessBase"]
[SourceDate "2020.01.31"]
[SourceVersion "1"]
[SourceVersionDate "2020.01.31"]
[SourceQuality "1"]
[WhiteTeam "Modra II"]
[BlackTeam "Skalica"]
[WhiteTeamCountry "SVK"]
[BlackTeamCountry "SVK"]

1. e4 c5 2. Nf3 Nc6 3. d4 cxd4 4. Nxd4 e5 5. Nb5 Nf6 6. N1c3 a6 7. Nd6+ Bxd6 8. Qxd6 Qe7 9. Qd1 0-0 10. Bg5 Qe6 11. f3 h6 12. Bh4 Nd4 13. Bf2 Qb6 14. Ne2 Qa5+ 15. c3 Ne6 16. Ng3 b5 17. a3 Nf4 18. Nf5 d5 19. Ne7+ Kh8 20. exd5 Qd8 21. d6 Be6 22. Nc6 Qc8 23. Nxe5 Nd7 24. Qd4 Nd5 25. Bd3 Nxe5 26. Qxe5 Re8 27. 0-0 Qc6 28. Bd4 f6 29. Qe4 f5 30. Qh4 Kg8 31. Qg3 Qd7 32. f4 Rab8 33. Rae1 Rb7 34. Be5 Rf8 35. Re2 Nf6 36. Rfe1 Rf7 37. Bd4 Ne4 38. Bxe4 fxe4 39. Rxe4 Bd5 40. Re8+ Kh7 41. Ra8 Rb6 42. Qd3+ Qf5 43. Qxf5+ Rxf5 44. Ra7 Rb7 45. Rxb7 Bxb7 46. Re7 1-0

[Event "SVK-chT2A 1920"]
[Site "Slovakia"]
[Date "2019.10.27"]
[Round "2.8"]
[White "Danada, Ondrej"]
[Black "Soldan, Jan"]
[Result "1-0"]
[WhiteElo "1868"]
[BlackElo "1797"]
[PlyCount "85"]
[EventDate "2019.10.26"]
[EventType "team-tourn"]
[EventRounds "11"]
[EventCountry "SVK"]
[SourceTitle "CBM 193 Extra"]
[Source "ChessBase"]
[SourceDate "2020.01.31"]
[SourceVersion "1"]
[SourceVersionDate "2020.01.31"]
[SourceQuality "1"]
[WhiteTeam "Gbely Nafta"]
[BlackTeam "Modra II"]
[WhiteTeamCountry "SVK"]
[BlackTeamCountry "SVK"]

1. e4 c5 2. Nf3 d6 3. d4 cxd4 4. Nxd4 Nf6 5. Nc3 a6 6. Bg5 e6 7. f4 Be7 8. Qf3 h6 9. Bh4 Nc6 10. Bxf6 Bxf6 11. Nxc6 bxc6 12. e5 dxe5 13. fxe5 Bxe5 14. Qxc6+ Bd7 15. Qc5 Qc7 16. Qxc7 Bxc7 17. 0-0-0 Ke7 18. Be2 Be5 19. Ne4 Bc6 20. Bf3 Rab8 21. b3 Rhc8 22. c4 a5 23. Kc2 a4 24. Nc3 axb3+ 25. axb3 Bxf3 26. gxf3 Bxc3 27. Kxc3 Rc7 28. b4 Ra8 29. Ra1 Rca7 30. Kb2 Kd6 31. Rxa7 Rxa7 32. Ra1 Rb7 33. Kc3 h5 34. c5+ Kd5 35. Rd1+ Kc6 36. Kc4 g5 37. b5+ Kc7 38. c6 Ra7 39. Kc5 Ra2 40. Rd7+ Kc8 41. Rxf7 Rxh2 42. Kb6 Rd2 43. Rf8+ 1-0

[Event "SVK-ch op"]
[Site "Banska Stiavnica"]
[Date "2015.07.12"]
[Round "9"]
[White "Rabovszky, Gyorgy"]
[Black "Soldan, Jan"]
[Result "1/2-1/2"]
[WhiteElo "1897"]
[BlackElo "1718"]
[PlyCount "123"]
[EventDate "2015.07.04"]
[EventType "swiss"]
[EventRounds "9"]
[EventCountry "SVK"]
[SourceTitle "CBM 167 Extra"]
[Source "ChessBase"]
[SourceDate "2015.09.14"]
[SourceVersion "1"]
[SourceVersionDate "2015.09.14"]
[SourceQuality "1"]

1. e4 c5 2. Nc3 Nc6 3. f4 g6 4. Nf3 Bg7 5. Bc4 e6 6. f5 Nge7 7. 0-0 0-0 8. fxe6 fxe6 9. d3 a6 10. Bg5 b5 11. Bb3 Qc7 12. a4 b4 13. Ne2 Bxb2 14. Rb1 Bg7 15. Qd2 Bb7 16. Bh6 Ne5 17. Nxe5 Qxe5 18. Bf4 Qh5 19. Ng3 Qg4 20. Rf3 Bc3 21. Qc1 Bd4+ 22. Kh1 Bf6 23. Bh6 Qh4 24. Bxf8 Rxf8 25. Qf4 Qxf4 26. Rxf4 Nc6 27. Rbf1 Kg7 28. Ne2 Be7 29. g4 Rxf4 30. Rxf4 Bg5 31. Rf1 Bf6 32. Kg2 Nd4 33. Nxd4 Bxd4 34. h4 a5 35. Kf3 Bc6 36. g5 Be5 37. Kg4 Kg8 38. h5 Kg7 39. h6+ Kg8 40. Kf3 Bd4 41. Kf4 Bc3 42. Rf2 Bd4 43. Re2 Bc3 44. Rf2 Bd4 45. Rf1 Bc3 46. Ke3 Bd4+ 47. Ke2 Bc3 48. Kf3 Bd4 49. Kg4 Bc3 50. Rf2 Bd4 51. Re2 Bc3 52. Kf4 Bd4 53. e5 Bc3 54. Kg3 Bd4 55. Kg4 Bc3 56. Kf4 Bd4 57. Rh2 Bc3 58. Re2 Bd4 59. Rh2 Bc3 60. Re2 Bd4 61. Rh2 Bc3 62. Re2 1/2-1/2

[Event "SVK-chT2A 1415"]
[Site "Slovakia"]
[Date "2014.12.07"]
[Round "6.8"]
[White "Soldan, Jan"]
[Black "Krist, Milan"]
[Result "1/2-1/2"]
[WhiteElo "1763"]
[BlackElo "1913"]
[PlyCount "114"]
[EventDate "2014.10.11"]
[EventType "team-tourn"]
[EventRounds "11"]
[EventCountry "SVK"]
[SourceTitle "EXT 2016"]
[Source "ChessBase"]
[SourceDate "2015.10.08"]
[SourceVersion "1"]
[SourceVersionDate "2015.10.08"]
[SourceQuality "1"]
[WhiteTeam "Modra II"]
[BlackTeam "Trnava Lokomotiva II"]
[WhiteTeamCountry "SVK"]
[BlackTeamCountry "SVK"]

1. e4 e6 2. d4 d5 3. e5 c5 4. c3 Nc6 5. a3 cxd4 6. cxd4 Qb6 7. Nf3 Nge7 8. b4 Nf5 9. Bb2 Bd7 10. Be2 g6 11. 0-0 Bg7 12. g4 Nfxd4 13. Bxd4 Nxd4 14. Qxd4 Qxd4 15. Nxd4 Bxe5 16. Nb3 Bxa1 17. Nxa1 Rc8 18. Nb3 b6 19. f3 Ke7 20. Bd3 Rc7 21. Kf2 Ba4 22. N3d2 Rhc8 23. h4 Rc1 24. Rxc1 Rxc1 25. h5 Kf6 26. hxg6 fxg6 27. Nf1 Bc2 28. Bxc2 Rxc2+ 29. Nfd2 h5 30. Kg3 Rc1 31. gxh5 gxh5 32. Kg2 Ke5 33. Kg3 Rg1+ 34. Kf2 Rg7 35. Nc3 h4 36. Ne2 Rc7 37. f4+ Kd6 38. Nf3 Rh7 39. Ng5 Rg7 40. Nd4 Rg8 41. Ndf3 a5 42. bxa5 bxa5 43. Nxh4 Rb8 44. Nhf3 Rb2+ 45. Ke1 Rb6 46. Nd4 Ke7 47. Kd2 Kf6 48. Ndxe6 Rxe6 49. Nxe6 Kxe6 50. Kd3 Kf5 51. Kd4 Kxf4 52. a4 Kf5 53. Kxd5 Kf6 54. Kc6 Ke6 55. Kb5 Kd7 56. Kxa5 Kc7 57. Ka6 Kb8 1/2-1/2

[Event "SVK-chT2A 1415"]
[Site "Slovakia"]
[Date "2014.12.06"]
[Round "5.8"]
[White "Soldan, Jan"]
[Black "Ocko, Martin"]
[Result "0-1"]
[WhiteElo "1763"]
[BlackElo "1857"]
[PlyCount "58"]
[EventDate "2014.10.11"]
[EventType "team-tourn"]
[EventRounds "11"]
[EventCountry "SVK"]
[SourceTitle "EXT 2016"]
[Source "ChessBase"]
[SourceDate "2015.10.08"]
[SourceVersion "1"]
[SourceVersionDate "2015.10.08"]
[SourceQuality "1"]
[WhiteTeam "Modra II"]
[BlackTeam "Osuske II"]
[WhiteTeamCountry "SVK"]
[BlackTeamCountry "SVK"]

1. e4 c5 2. Nf3 Nc6 3. d4 cxd4 4. Nxd4 g6 5. Be3 Bg7 6. Be2 Nf6 7. Nc3 0-0 8. 0-0 d5 9. exd5 Nxd5 10. Nxc6 bxc6 11. Nxd5 cxd5 12. c3 Rb8 13. Qd2 a5 14. Rfd1 e6 15. Rab1 Qc7 16. a3 Bd7 17. Rdc1 Bb5 18. Bxb5 Rxb5 19. b4 Qc4 20. Bc5 Rc8 21. g3 Rbb8 22. h4 Qe4 23. Re1 Qf5 24. Kg2 Rxc5 25. bxc5 Rxb1 26. Rxb1 Qxb1 27. h5 Qb5 28. h6 Bf8 29. Qg5 Qxc5 0-1

[Event "SVK-chT2A 1213"]
[Site "Slovakia"]
[Date "2012.12.16"]
[Round "6.5"]
[White "Liptak, Dusan"]
[Black "Soldan, Jan"]
[Result "1-0"]
[WhiteElo "2060"]
[BlackElo "1837"]
[PlyCount "73"]
[EventDate "2012.10.13"]
[EventType "team-tourn"]
[EventRounds "11"]
[EventCountry "SVK"]
[SourceTitle "EXT 2015"]
[Source "ChessBase"]
[SourceDate "2014.11.20"]
[SourceVersion "1"]
[SourceVersionDate "2014.11.20"]
[SourceQuality "1"]
[WhiteTeam "Trnava Lokomotiva II"]
[BlackTeam "Modra II"]
[WhiteTeamCountry "SVK"]
[BlackTeamCountry "SVK"]

1. d4 Nf6 2. Nf3 d6 3. c4 g6 4. Nc3 Nbd7 5. g3 Bg7 6. Bg2 0-0 7. 0-0 e5 8. e4 Re8 9. Re1 Nb6 10. b3 Bg4 11. Be3 exd4 12. Bxd4 c5 13. Bxf6 Qxf6 14. Rc1 Re7 15. h3 Bxf3 16. Bxf3 Rae8 17. Bg2 h5 18. h4 Qe6 19. Qd2 Kh7 20. a4 Bd4 21. Nb5 Bg7 22. Nxa7 Bh6 23. f4 f5 24. Nb5 Nc8 25. Bh3 Qf6 26. exf5 gxf5 27. Nc7 Rg8 28. Rxe7+ Nxe7 29. Kh2 Qg6 30. Qd3 Kh8 31. Re1 Qg7 32. Nb5 Qb2+ 33. Re2 Qc1 34. Qxd6 Ng6 35. Qf6+ Kh7 36. Bxf5 Qf1 37. Re7+ 1-0

[Event "SVK-chT2A 1112"]
[Site "Slovakia"]
[Date "2011.12.03"]
[Round "5.8"]
[White "Soldan, Jan"]
[Black "Sosovicka, Matej"]
[Result "1-0"]
[WhiteElo "1834"]
[BlackElo "1961"]
[PlyCount "58"]
[EventDate "2011.10.08"]
[EventType "team-tourn"]
[EventRounds "11"]
[EventCountry "SVK"]
[SourceTitle "EXT 2013"]
[Source "ChessBase"]
[SourceDate "2012.11.22"]
[SourceVersion "1"]
[SourceVersionDate "2012.11.22"]
[SourceQuality "1"]
[WhiteTeam "Modra II"]
[BlackTeam "Devinska Nova Ves"]
[WhiteTeamCountry "SVK"]
[BlackTeamCountry "SVK"]

1. e4 c5 2. Nf3 Nc6 3. d4 cxd4 4. Nxd4 Nf6 5. Nc3 e5 6. Nb3 Bb4 7. Bd3 d5 8. 0-0 Bxc3 9. bxc3 dxe4 10. Bb5 Bg4 11. Qe1 0-0 12. Bxc6 bxc6 13. Bg5 Qd5 14. Bxf6 gxf6 15. f3 exf3 16. Qg3 Kh8 17. Qxg4 e4 18. Qh4 Qe5 19. Rae1 Rg8 20. g3 Rae8 21. Rxf3 exf3 22. Rxe5 fxe5 23. Qf6+ Rg7 24. Qxc6 Re6 25. Qxf3 f6 26. Nc5 Rb6 27. Ne4 Rf7 28. Kg2 f5 29. Ng5 Kg7 1-0

[Event "SVK-chT 1011"]
[Site "Slovakia"]
[Date "2011.05.08"]
[Round "11.7"]
[White "Krak, Tomas"]
[Black "Soldan, Jan"]
[Result "1-0"]
[WhiteElo "2233"]
[BlackElo "1884"]
[PlyCount "95"]
[EventDate "2010.11.27"]
[EventType "team-tourn"]
[EventRounds "11"]
[EventCountry "SVK"]
[SourceTitle "EXT 2012"]
[Source "ChessBase"]
[SourceDate "2011.11.24"]
[SourceVersion "1"]
[SourceVersionDate "2011.11.24"]
[SourceQuality "1"]
[WhiteTeam "Kosice Slavia"]
[BlackTeam "Modra"]
[WhiteTeamCountry "SVK"]
[BlackTeamCountry "SVK"]

1. Nf3 Nf6 2. c4 g6 3. Nc3 Bg7 4. e4 d6 5. d4 0-0 6. Be2 Nbd7 7. 0-0 e5 8. Be3 a5 9. d5 b6 10. Nd2 Nc5 11. a3 Bb7 12. b4 axb4 13. axb4 Rxa1 14. Qxa1 Ncd7 15. Qa7 Qa8 16. Ra1 Rb8 17. Nb5 Ne8 18. Bg4 Ndf6 19. Bh3 h6 20. f3 Kf8 21. Qxa8 Rxa8 22. Rxa8 Bxa8 23. Bc8 Ke7 24. Na7 Nd7 25. Nb1 f5 26. Nc6+ Bxc6 27. dxc6 Nb8 28. b5 f4 29. Bc1 Nxc6 30. bxc6 h5 31. Nc3 Nf6 32. Nd5+ Nxd5 33. cxd5 h4 34. Bd2 Bf6 35. Be1 g5 36. Kf1 Kf8 37. Bf2 Bd8 38. Ke2 Kg7 39. Kd3 Kf8 40. Kc4 Ke8 41. Kb5 Be7 42. Bxb6 Kd8 43. Bd7 cxb6 44. Kxb6 h3 45. Bxh3 g4 46. c7+ Ke8 47. c8Q+ Bd8+ 48. Kc6 1-0

[Event "SVK-ch Seniors-B"]
[Site "Tatranske Matliare"]
[Date "2011.05.??"]
[Round "5"]
[White "Bidlen, Anton"]
[Black "Soldan, Jan"]
[Result "1-0"]
[WhiteElo "1886"]
[BlackElo "1853"]
[PlyCount "27"]
[EventDate "2011.05.27"]
[EventType "swiss"]
[EventRounds "9"]
[EventCountry "SVK"]
[SourceTitle "EXT 2023"]
[Source "ChessBase"]
[SourceDate "2022.10.05"]
[SourceVersion "1"]
[SourceVersionDate "2022.10.05"]
[SourceQuality "1"]

1. e4 c5 2. f4 e5 3. Nf3 exf4 4. Bc4 Qe7 5. 0-0 h5 6. Nc3 g5 7. Nd5 Qd8 8. d3 Nc6 9. c3 d6 10. h4 Bg4 11. Qa4 Bxf3 12. Rxf3 f6 13. Bb5 Qd7 14. hxg5 1-0

[Event "SVK-chT2A 10/11"]
[Site "Slovakia"]
[Date "2011.02.05"]
[Round "6.6"]
[White "Soldan, Jan"]
[Black "Jurcak, Marian"]
[Result "1/2-1/2"]
[WhiteElo "1884"]
[BlackElo "1953"]
[PlyCount "82"]
[EventDate "2010.10.23"]
[EventType "team-tourn"]
[EventRounds "11"]
[EventCountry "SVK"]
[SourceTitle "EXT 2019"]
[Source "ChessBase"]
[SourceDate "2018.10.10"]
[SourceVersion "1"]
[SourceVersionDate "2018.10.10"]
[SourceQuality "1"]
[WhiteTeam "Modra II"]
[BlackTeam "Devinska Nova Ves"]
[WhiteTeamCountry "SVK"]
[BlackTeamCountry "SVK"]

1. e4 d5 2. exd5 Nf6 3. d4 Nxd5 4. c4 Nf6 5. Nf3 Bg4 6. Be2 e6 7. h3 Bh5 8. 0-0 Be7 9. Be3 0-0 10. Nc3 c6 11. Ne5 Bxe2 12. Nxe2 Nbd7 13. Ng3 Qc7 14. f4 Rad8 15. Qe2 c5 16. b3 Bd6 17. Nxd7 Rxd7 18. dxc5 Bxc5 19. Kh1 Rfd8 20. Bxc5 Qxc5 21. Rad1 h6 22. Rxd7 Rxd7 23. f5 e5 24. Re1 Re7 25. Ne4 Nxe4 26. Qxe4 f6 27. Rd1 Qc7 28. g4 Rd7 29. Rd3 Kf8 30. Kg2 Ke7 31. Kf3 a5 32. Rxd7+ Qxd7 33. Ke2 Qc6 34. Qxc6 bxc6 35. a3 Kd6 36. b4 a4 37. Kd3 Kc7 38. Ke4 Kb6 39. Kd3 Kc7 40. Ke4 Kd6 41. Kd3 Kd7 1/2-1/2